| 000 | 00360nam a22001457a 4500 | ||
|---|---|---|---|
| 020 | _a9788170121541 | ||
| 082 | _a343.540 75,MAL | ||
| 100 | _aMALIK,S P.L. | ||
| 245 | _aLAW RELATING WEIGHTS & MEASURES | ||
| 250 | _a13TH | ||
| 260 |
_aNEW DELHI _bEASTERN BOOK COMPANY _c2008 |
||
| 300 | _a468 | ||
| 650 | _aLAW RELATING WEIGHTS & MEASURES | ||
| 942 |
_2ddc _cBK |
||
| 999 |
_c10308 _d10308 |
||